000 00680nam a2200229Ia 4500
005 20250508164956.0
008 008 250505s9999 xx 000 0 eng d
020 _a978-0-415-95774-8
037 _aReference
040 _aFEDL
_beng
_cFEDL
041 _aeng
_2eng
084 _a338.433 7, HIL/RR
_qFEDL
100 _aHill Dave Ed.
_9779615
245 0 _aGlobal neoliberalism and education and its consequences
260 _aLondon, UK
_bRoutledge
_c2009
300 _axvii,263p.
365 _aGBP
_b75
650 _aEducation-Economics
_9777630
700 _a Ravi kumar Ed.
_9779616
942 _cREF
_h338.433 7, HIL/RR
999 _c1392438
_d1392438